Ballon d'Or Winners by image - Sudden Death - Statistics

General Stats
  • This quiz has been taken 570 times
    123 since last reset
  • The average score is 13 of 34
Answers on the Grid
Answers color-coded by a green-red scale on the quiz's grid according to % correct below.
Rodri
Lionel Messi
Karim Benzema
Luka Modric
Cristiano Ronaldo
Fabio Cannavaro
Ronaldinho
Andriy Shevchenko
Pavel Nedved
Ronaldo
Michael Owen
Luís Figo
Rivaldo
Zinédine Zidane
Matthias Sammer
George Weah
Hristo Stoichkov
Roberto Baggio
Marco van Basten
Jean-Pierre Papin
Lothar Matthäus
Ruud Gullit
Michel Platini
Paolo Rossi
Karl-Heinz Rummenigge
Franz Beckenbauer
Gerd Müller
Ousmane Dembélé
George Best
Sir Bobby Charlton
Eusébio
Lev Yashin
Alfredo di Stéfano
Johan Cruyff
Jude Bellingham
Vinicius Junior
Erling Haaland
Kylian Mbappé
Kevin De Bruyne
Robert Lewandowski
Virgil van Dijk
Antoine Griezmann
Neymar
Manuel Neuer
Franck Ribéry
Andrés Iniesta
Xavi
Fernando Torres
Thierry Henry
Gianluigi Buffon
Frank Lampard
Steven Gerrard
Deco
Paolo Maldini
Oliver Kahn
Raúl
David Beckham
Davor Suker
Alan Shearer
Jürgen Klinsmann
Éric Cantona
Dejan Savicevic
Franco Baresi
Frank Rijkaard
Emilio Butragueño
Gary Lineker
Dino Zoff
Bobby Moore
Jimmy Greaves
Ferenc Puskás
Andreas Brehme
Preben Elkjaer Larsen
 
Answer Stats
Answer % Correct
Luka Modrić Luka Modric
62%
Lionel Messi Lionel Messi
62%
Karim Benzema Karim Benzema
59%
Zinedine Zidane Zinédine Zidane
59%
Rodri Rodri
57%
Cristiano Ronaldo Cristiano Ronaldo
54%
Ronaldo Ronaldo
53%
Ronaldinho Ronaldinho
53%
Ousmane Dembélé Ousmane Dembélé
51%
Johan Cruyff Johan Cruyff
49%
Pavel Nedvěd Pavel Nedved
46%
Ruud Gullit Ruud Gullit
41%
Andriy Shevchenko Andriy Shevchenko
41%
Eusébio Eusébio
40%
Alfredo Di Stéfano Alfredo di Stéfano
38%
Lothar Matthäus Lothar Matthäus
38%
Rivaldo Rivaldo
38%
Marco van Basten Marco van Basten
37%
Luís Figo Luís Figo
35%
Roberto Baggio Roberto Baggio
35%
Franz Beckenbauer Franz Beckenbauer
34%
Bobby Charlton Sir Bobby Charlton
32%
George Weah George Weah
32%
Michael Owen Michael Owen
31%
George Best George Best
31%
Fabio Cannavaro Fabio Cannavaro
29%
Gerd Müller Gerd Müller
24%
Michel Platini Michel Platini
24%
Hristo Stoičkov Hristo Stoichkov
22%
Lev Yashin Lev Yashin
22%
Jean-Pierre Papin Jean-Pierre Papin
18%
Karl-Heinz Rummenigge Karl-Heinz Rummenigge
16%
Paolo Rossi Paolo Rossi
13%
Matthias Sammer Matthias Sammer
13%
No matching quizzes found
Score Distribution
Percent of People with Each Score
Percentile by Number Answered
Your Score History
You have not taken this quiz since the last reset